| 000 | 01029cam a2200265 a 4500 | ||
|---|---|---|---|
| 001 | 14396932 | ||
| 005 | 20180301035657.0 | ||
| 008 | 060601s2007 njua b 001 0ceng | ||
| 010 | _a 2006018176 | ||
| 020 | _a0131443909 (hardback : alk. paper) | ||
| 020 | _a9780131443907 | ||
| 035 | _a(OCoLC)ocm69734573 | ||
| 035 | _a(OCoLC)69734573 | ||
| 040 |
_aDLC _cDLC _dBAKER _dC#P _dYDXCP _dQBX _dDLC |
||
| 041 | _aeng | ||
| 080 | _a658.4092 BLA | ||
| 082 | 0 | 0 |
_a658.4092 BLA _222 |
| 100 | 1 | _a54 | |
| 101 | _aLID | ||
| 245 | 1 | 0 |
_aLeading at a higher level : _cthe founding associates and consulting partners of the Ken Blanchard Companies ; with an introduction by Ken Blanchard. |
| 504 | _aIncludes bibliographical references and index. | ||
| 906 |
_a7 _bcbc _corignew _d1 _eecip _f20 _gy-gencatlg |
||
| 942 |
_2ddc _cBK |
||
| 999 |
_c43770 _d43770 |
||